[Event "Mondiale Lampo FIDE 2022"]
[Site "Alma Ata"]
[Date "30.12.2022"]
[Round "19.14"]
[White "Salem, A.R. Saleh"]
[Black "Indjic, Aleksandar"]
[Result "1-0"]
[WhiteTitle ""]
[BlackTitle ""]
[WhiteElo "2677"]
[BlackElo "2636"]
[WhiteFideId "9301348"]
[BlackFideId "911925"]
[EventDate "29.12.2022"]

1. d4 Nf6 2. c4 c5 3. d5 g6 4. Nc3 Bg7 5. Nf3 d6 6. h3 O-O 7. e3 e5 8. Bd3 Nbd7
9. e4 Nh5 10. g3 h6 11. Qc2 a6 12. a4 b6 13. Bd2 Qf6 14. Be2 Qe7 15. Nh4 Nf4 16.
gxf4 Qxh4 17. f5 Nf6 18. O-O-O b5 19. cxb5 axb5 20. Bxb5 gxf5 21. f3 f4 22. Rdg1
Nh7 23. Be1 Qe7 24. Qg2 f6 25. Bc6 Ra7 26. h4 Kh8 27. Nb5 Rxa4 28. Nxd6 Ra1+ 29.
Kc2 Rxe1 30. Rxe1 Qxd6 31. Rhg1 Rg8 32. Ra1 f5 33. Ra8 Qf6 34. d6 fxe4 35. Bxe4
Qf7 36. Qg6 Qxg6 37. Rxg6 Bd7 38. Ra7 Rd8 39. Rg1 Nf6 40. Bg6 Bf8 41. Rd1 Bc6
42. Rf7 Bg7 43. Bf5 Bxf3 44. Rg1 Rg8 45. d7 Nxd7 46. Rxd7 h5 47. Rg6 e4 48. Rh6+ 1-0

[Event "Mondiale Lampo FIDE 2022"]
[Site "Alma Ata"]
[Date "30.12.2022"]
[Round "19.15"]
[White "Yoo, Christopher Woojin"]
[Black "Esipenko, Andrey"]
[Result "1/2-1/2"]
[WhiteTitle ""]
[BlackTitle ""]
[WhiteElo "2575"]
[BlackElo "2678"]
[WhiteFideId "30909694"]
[BlackFideId "24175439"]
[EventDate "29.12.2022"]

1. e4 e5 2. Nf3 Nc6 3. Bb5 a6 4. Ba4 Nf6 5. d4 exd4 6. O-O Be7 7. e5 Ne4 8. Nxd4
O-O 9. Re1 Nc5 10. Bxc6 dxc6 11. Nc3 Re8 12. Be3 Bf8 13. f4 f6 14. Qh5 fxe5 15.
fxe5 Ne6 16. Nf5 Qd7 17. Rf1 g6 18. Nh6+ Bxh6 19. Qxh6 Qg7 20. Ne4 Qxh6 21. Bxh6
Rd8 22. Nf6+ Kh8 23. Rad1 Rxd1 24. Rxd1 a5 25. a4 b5 26. b3 bxa4 27. bxa4 Rb8
28. Bd2 Rb2 29. Bxa5 Rxc2 30. Bxc7 c5 31. a5 c4 32. a6 Ra2 33. Rb1 Bxa6 34. Rb8+
Kg7 35. Rg8+ Kh6 36. Bb6 Bb7 37. Be3+ g5 38. h4 Rxg2+ 39. Kf1 Rg3 40. Bc1 c3 41.
hxg5+ Nxg5 42. e6 Bc6 43. e7 c2 44. Bd2 Rf3+ 45. Ke1 Rxf6 46. Rxg5 Rf7 47. Rc5+
Kg7 48. Rxc6 Rxe7+ 49. Kf2 Rf7+ 50. Kg3 Rd7 51. Rxc2 Rd3+ 52. Kg4 Rd6 53. Bf4
Ra6 54. Rc7+ Kg6 55. Rc5 h6 56. Rd5 Re6 57. Be5 Ra6 58. Bd4 Re6 59. Kf4 Rc6 60.
Rd8 Re6 61. Rg8+ Kf7 62. Rg7+ Ke8 63. Kf5 Ra6 64. Bf6 Rc6 65. Rh7 Ra6 66. Kg6
Re6 67. Ra7 Rc6 68. Rb7 Rd6 69. Rc7 h5 70. Rh7 Rc6 71. Rxh5 Kd7 72. Kf7 Rd6 73.
Be7 Rd3 74. Rf5 Kc6 75. Rf6+ Kd7 76. Ra6 Kc7 77. Bc5 Kb7 78. Re6 Rd5 79. Be3
Rd7+ 80. Kf6 Rc7 81. Rb6+ Kc8 82. Ke6 Rb7 83. Ra6 Rc7 84. Rb6 Rb7 85. Rd6 Rb3
86. Bc5 Kc7 87. Ra6 Rd3 88. Ke5 Rd7 89. Rh6 Kb7 90. Bd4 Kc7 91. Ra6 Kb7 92. Re6
Kc7 93. Bc5 Rd1 94. Ra6 Kb7 95. Rh6 Kc7 96. Bd4 Kd7 97. Kd5 Rd2 98. Rh7+ Kd8 99.
Ke5 Kc8 100. Bc5 Rd7 101. Rh6 Kb7 102. Rb6+ Kc7 103. Rf6 Rd1 104. Bd4 Kd7 105.
Kd5 Rd2 106. Rf7+ Kd8 107. Rh7 Rd1 108. Kc5 Ke8 109. Bf6 Rd7 110. Rh6 Kf7 111.
Be5 Rd1 112. Bd4 Ke7 113. Kd5 Kd7 114. Rg6 Rd2 115. Rg7+ Kd8 116. Ke5 Kc8 117.
Ba7 Rd7 118. Rg8+ Kb7 119. Bd4 Kc6 120. Rc8+ Rc7 121. Ra8 Re7+ 122. Kf5 Rd7 123.
Ke4 Kb7 124. Ra5 Kc6 125. Rc5+ Kd6 126. Rh5 Kc6 127. Kd3 Rd5 128. Rh8 Rg5 129.
Kc4 Rg2 130. Rh6+ Kd7 131. Kd5 Rd2 132. Rd6+ Ke7 133. Ra6 Kd7 134. Ra7+ Kd8 135.
Ke5 Kc8 136. Bc5 Rd7 137. Ra6 Kb7 138. Re6 Rd1 139. Rh6 Kc7 140. Bd4 Kd7 141.
Rd6+ Ke7 142. Ra6 Kd7 143. Kd5 Rd2 144. Rb6 Rd1 145. Rb8 Rd2 146. Ra8 Rd1 147.
Ra7+ Kd8 148. Kc5 Ke8 149. Be5 Rd7 150. Ra6 Kf7 151. Rh6 Rd1 152. Bd4 Ke7 153.
Kd5 Kd7 154. Rh4 Rd2 155. Rf4 Rd1 156. Rf7+ Ke8 157. Rb7 Kd8 158. Kc5 Ke8 159.
Rb6 1/2-1/2

[Event "Mondiale Lampo FIDE 2022"]
[Site "Alma Ata"]
[Date "30.12.2022"]
[Round "19.16"]
[White "Harikrishna, Pentala"]
[Black "Riazantsev, Alexander"]
[Result "1-0"]
[WhiteTitle ""]
[BlackTitle ""]
[WhiteElo "2705"]
[BlackElo "2626"]
[WhiteFideId "5007003"]
[BlackFideId "4125029"]
[EventDate "29.12.2022"]

1. Nf3 d5 2. g3 Nd7 3. d4 Nb6 4. a4 a5 5. b3 Bf5 6. Ba3 Nf6 7. Bg2 Nc8 8. c4 c6
9. Nc3 e6 10. Bxf8 Kxf8 11. O-O Nd6 12. Nd2 h5 13. h4 Nde4 14. Qc1 Nxd2 15. Qxd2
Qb6 16. Rfe1 Qxb3 17. e4 Nxe4 18. Nxe4 Bxe4 19. Bxe4 dxe4 20. Rab1 Qxc4 21. Rxb7
Rh6 22. Qf4 Rf6 23. Rb8+ Rxb8 24. Qxb8+ Ke7 25. Qc7+ Ke8 26. Rb1 1-0

[Event "Mondiale Lampo FIDE 2022"]
[Site "Alma Ata"]
[Date "30.12.2022"]
[Round "19.17"]
[White "Amin, Bassem"]
[Black "Sargsyan, Shant"]
[Result "1/2-1/2"]
[WhiteTitle ""]
[BlackTitle ""]
[WhiteElo "2682"]
[BlackElo "2645"]
[WhiteFideId "10601457"]
[BlackFideId "13306766"]
[EventDate "29.12.2022"]

1. Nf3 d5 2. g3 g6 3. c4 dxc4 4. Na3 Bg7 5. Nxc4 Nc6 6. d3 e5 7. Bd2 Nf6 8.
Nfxe5 Nxe5 9. Nxe5 O-O 10. Bg2 Re8 11. Bc3 Nd5 12. d4 c5 13. Nf3 Nxc3 14. bxc3
cxd4 15. cxd4 Qa5+ 16. Qd2 Qa6 17. Ne5 Bf5 18. O-O Bxe5 19. dxe5 Rxe5 20. e3 Be4
21. Bxe4 Rxe4 22. Rfc1 Re7 23. Qd4 Rae8 1/2-1/2

[Event "Mondiale Lampo FIDE 2022"]
[Site "Alma Ata"]
[Date "30.12.2022"]
[Round "19.18"]
[White "Matlakov, Maxim"]
[Black "Anton Guijarro, David"]
[Result "1/2-1/2"]
[WhiteTitle ""]
[BlackTitle ""]
[WhiteElo "2662"]
[BlackElo "2675"]
[WhiteFideId "4168003"]
[BlackFideId "2285525"]
[EventDate "29.12.2022"]

1. d4 Nf6 2. c4 e6 3. Nf3 d5 4. g3 Bb4+ 5. Bd2 Be7 6. Bg2 O-O 7. O-O Nbd7 8. Qc2
c6 9. b4 b6 10. a4 a5 11. bxa5 bxa5 12. c5 Ne4 13. Nc3 Nxd2 14. Qxd2 f5 15. e3
Bf6 16. Rab1 Kh8 17. Ne2 g5 18. Rb3 h5 19. Rfb1 h4 20. gxh4 g4 21. Ng5 Bxg5 22.
hxg5 Qxg5 23. Nf4 Qh6 24. h3 Nf6 25. hxg4 Nxg4 26. e4 Qh2+ 27. Kf1 Ba6+ 28. Ne2
fxe4 29. Rh3+ Qxh3 30. Bxh3 Rxf2+ 31. Kg1 e3 32. Qxa5 Rg8 33. Ng3 Ne5 34. Bg2
Nf3+ 35. Kh1 Rxg3 36. Rb8+ Kh7 37. Bxf3 Rh3+ 38. Kg1 Rg3+ 39. Kh1 Rh3+ 40. Kg1
Rg3+ 41. Kh1 Rh3+ 42. Kg1 Rg3+ 43. Kh1 Rh3+ 44. Kg1 Rg3+ 45. Kh1 Rh3+ 1/2-1/2

[Event "Mondiale Lampo FIDE 2022"]
[Site "Alma Ata"]
[Date "30.12.2022"]
[Round "19.19"]
[White "Svane, Rasmus"]
[Black "Pantsulaia, Levan"]
[Result "1/2-1/2"]
[WhiteTitle ""]
[BlackTitle ""]
[WhiteElo "2622"]
[BlackElo "2597"]
[WhiteFideId "4657101"]
[BlackFideId "13602071"]
[EventDate "29.12.2022"]

1. Nf3 c5 2. c4 b6 3. g3 Bb7 4. Bg2 g6 5. O-O Bg7 6. Nc3 Nc6 7. e3 Nh6 8. b3 O-O
9. Bb2 Nf5 10. Qb1 e6 11. Ne2 d5 12. Bxg7 Kxg7 13. cxd5 exd5 14. d4 Qf6 15. dxc5
bxc5 16. Rc1 d4 17. e4 Nd6 18. Rxc5 Rfe8 19. Nd2 d3 20. Nf4 Nd4 21. e5 Rxe5 22.
Rxe5 Qxe5 23. Bxb7 Nxb7 24. Nxd3 Qd5 25. Nf4 Qc6 26. Qe4 Rd8 27. Qxc6 Nxc6 28.
Nf3 Nd4 29. Nxd4 Rxd4 30. Rc1 g5 31. Rc7 gxf4 32. Rxb7 f3 33. h4 Rd1+ 34. Kh2
Rf1 35. Rxa7 Rxf2+ 36. Kg1 Rg2+ 37. Kf1 Rxg3 38. a4 Rg4 39. Rb7 Rxh4 40. a5 Rh2
41. b4 Ra2 42. Rb6 h5 43. Rb5 Kg6 44. Rb8 h4 45. b5 Rxa5 46. Kf2 Ra3 47. b6 Rb3
48. b7 Kg7 49. Rc8 Rxb7 50. Kxf3 Rb4 51. Rc6 f6 52. Rc8 Kg6 53. Ra8 Kg5 54. Rg8+
Kf5 55. Rh8 Rb3+ 56. Kg2 Kg5 57. Ra8 f5 58. Rc8 Kg4 59. Rg8+ Kf4 60. Ra8 Rg3+
61. Kh2 Re3 62. Kg2 Re4 63. Rb8 Ke3 64. Rb3+ Kf4 65. Rb8 Re3 66. Ra8 Rb3 67. Rc8
Kg4 68. Rg8+ Kf4 69. Rc8 Re3 70. Ra8 1/2-1/2

[Event "Mondiale Lampo FIDE 2022"]
[Site "Alma Ata"]
[Date "30.12.2022"]
[Round "19.20"]
[White "Tsydypov, Zhamsaran"]
[Black "Vidit, Santosh Gujrathi"]
[Result "1-0"]
[WhiteTitle ""]
[BlackTitle ""]
[WhiteElo "2534"]
[BlackElo "2730"]
[WhiteFideId "4108566"]
[BlackFideId "5029465"]
[EventDate "29.12.2022"]

1. d4 Nf6 2. Nc3 d5 3. Bf4 e6 4. e3 Be7 5. g4 Bd6 6. g5 Nfd7 7. Nf3 Qe7 8. Qd2
a6 9. O-O-O b5 10. h4 Bb7 11. h5 c5 12. Bxd6 Qxd6 13. dxc5 Qxc5 14. Bh3 b4 15.
Ne2 Nc6 16. g6 hxg6 17. hxg6 f5 18. Nf4 Qe7 19. Bxf5 Rxh1 20. Rxh1 exf5 21. Rh8+
Nf8 22. Qxd5 Rd8 23. Qxf5 Bc8 24. Qh5 Qd6 25. Nd3 Qf6 26. Ng5 Qf5 27. e4 Qg4 28.
Rxf8+ Kxf8 29. Qh8+ Ke7 30. Qxg7+ Kd6 31. Nf7+ Ke6 32. Nc5+ Ke7 33. Ne5+ Kd6 34.
Nxg4 Kxc5 35. Ne3 Be6 36. f4 Kb6 37. b3 Nd4 38. f5 Ne2+ 39. Kb2 Nc3 40. fxe6 a5
41. e7 Rc8 42. Qf7 a4 43. bxa4 Nxa4+ 44. Kc1 1-0

[Event "Mondiale Lampo FIDE 2022"]
[Site "Alma Ata"]
[Date "30.12.2022"]
[Round "19.21"]
[White "Gareyev, Timur"]
[Black "Kobalia, Mikhail"]
[Result "0-1"]
[WhiteTitle ""]
[BlackTitle ""]
[WhiteElo "2602"]
[BlackElo "2577"]
[WhiteFideId "14200937"]
[BlackFideId "4119150"]
[EventDate "29.12.2022"]

1. b3 e5 2. c4 Nc6 3. Bb2 g6 4. h4 h5 5. Nf3 Bg7 6. e3 d6 7. c5 Nge7 8. cxd6
cxd6 9. Be2 O-O 10. Ng5 Nf5 11. Nc3 Nxh4 12. Nge4 Nxg2+ 13. Kf1 Nh4 14. Bxh5 d5
15. Ng3 Be6 16. Rc1 e4 17. f4 exf3 18. Na4 Bxb2 19. Nxb2 Qg5 20. Kf2 Ne5 21. d4
Nf5 22. Rg1 Qxe3+ 23. Kf1 0-1

[Event "Mondiale Lampo FIDE 2022"]
[Site "Alma Ata"]
[Date "30.12.2022"]
[Round "19.22"]
[White "Mamedov, Rauf"]
[Black "Suleymanli, Aydin"]
[Result "1/2-1/2"]
[WhiteTitle ""]
[BlackTitle ""]
[WhiteElo "2646"]
[BlackElo "2543"]
[WhiteFideId "13401653"]
[BlackFideId "13413937"]
[EventDate "29.12.2022"]

1. e4 e6 2. d4 d5 3. Nd2 c5 4. exd5 Qxd5 5. dxc5 Nf6 6. Ngf3 Bxc5 7. Bd3 Nc6 8.
Qe2 Nb4 9. Bb5+ Bd7 10. Bxd7+ Qxd7 11. Nb3 Rc8 12. O-O Bb6 13. c3 Qd3 14. Re1
Qxe2 15. Rxe2 Nd3 16. Bg5 h6 17. Bxf6 gxf6 18. g3 Ke7 19. a4 a6 20. a5 Ba7 21.
Ra4 Nc5 22. Rb4 Rc7 23. Nxc5 Bxc5 24. Rh4 Kf8 25. Rd2 Kg7 26. Rg4+ Kh7 27. Kg2
Rhc8 28. Rd3 Be7 29. Rgd4 Kg7 30. Nd2 f5 31. Nf3 Bf6 32. Rb4 Be7 33. Rbd4 Bf6
34. Rb4 Be7 1/2-1/2

[Event "Mondiale Lampo FIDE 2022"]
[Site "Alma Ata"]
[Date "30.12.2022"]
[Round "19.23"]
[White "Andriasian, Zaven"]
[Black "Tang, Andrew"]
[Result "1-0"]
[WhiteTitle ""]
[BlackTitle ""]
[WhiteElo "2580"]
[BlackElo "2540"]
[WhiteFideId "13302000"]
[BlackFideId "2059630"]
[EventDate "29.12.2022"]

1. e4 e5 2. Nf3 Nc6 3. Bc4 Bc5 4. d3 Nf6 5. Nbd2 a6 6. c3 Ba7 7. Bb3 O-O 8. O-O
d6 9. h3 Nh5 10. Re1 Qf6 11. Nf1 Nf4 12. Ne3 Qg6 13. Nh4 Nxh3+ 14. Kf1 Qf6 15.
Nhf5 Nxf2 16. Kxf2 g6 17. Qg4 Ne7 18. Qh4 g5 19. Qh6 Ng6 20. Rh1 Rd8 21. Qxh7+
Kf8 22. Qh6+ Kg8 23. Ke1 Bxe3 24. Bxe3 Bxf5 25. Bxg5 1-0

[Event "Mondiale Lampo FIDE 2022"]
[Site "Alma Ata"]
[Date "30.12.2022"]
[Round "19.24"]
[White "Moussard, Jules"]
[Black "Ponkratov, Pavel"]
[Result "1-0"]
[WhiteTitle ""]
[BlackTitle ""]
[WhiteElo "2684"]
[BlackElo "2577"]
[WhiteFideId "642908"]
[BlackFideId "4157800"]
[EventDate "29.12.2022"]

1. e4 e6 2. d4 d5 3. e5 c5 4. c3 Nc6 5. Nf3 Bd7 6. Be2 f6 7. O-O Qc7 8. Bf4 Nge7
9. Re1 Ng6 10. Bg3 f5 11. h4 Be7 12. h5 Nf8 13. c4 Qb6 14. cxd5 exd5 15. Nc3 Be6
16. Na4 Qa5 17. dxc5 Nd7 18. a3 Nxc5 19. Nxc5 Qxc5 20. b4 Qb6 21. b5 Na5 22. Nd4
O-O 23. Nxe6 Qxe6 24. Bf4 Bc5 25. Qd3 Rad8 26. Rad1 Qb6 27. Qg3 h6 28. Bf3 Qe6
29. Qg6 Qxg6 30. hxg6 d4 31. e6 Rfe8 32. Bc7 b6 33. Bxd8 Rxd8 34. e7 Re8 35.
Bd5+ Kh8 36. Bf7 1-0

[Event "Mondiale Lampo FIDE 2022"]
[Site "Alma Ata"]
[Date "30.12.2022"]
[Round "19.25"]
[White "Adhiban, Baskaran"]
[Black "Mamedyarov, Shakhriyar"]
[Result "1-0"]
[WhiteTitle ""]
[BlackTitle ""]
[WhiteElo "2611"]
[BlackElo "2740"]
[WhiteFideId "5018471"]
[BlackFideId "13401319"]
[EventDate "29.12.2022"]

1. e4 e5 2. Nf3 Nc6 3. Bc4 Nf6 4. d3 d5 5. exd5 Nxd5 6. O-O Nb6 7. Bb3 Bg4 8.
Nbd2 Qe7 9. h3 Bh5 10. a4 a5 11. Re1 O-O-O 12. Qe2 f6 13. c3 g5 14. Ne4 Nd5 15.
Ng3 Bg6 16. d4 Nf4 17. Bxf4 gxf4 18. Ne4 exd4 19. Nxd4 Rxd4 20. cxd4 Nxd4 21.
Qg4+ f5 22. Qd1 Bg7 23. Nc3 Qb4 24. Be6+ Kb8 25. Nd5 Qd6 26. Nc3 f3 27. Nb5 Ne2+
28. Qxe2 fxe2 29. Nxd6 cxd6 30. Rxe2 f4 31. Rd1 Be5 32. Rd5 b6 33. Bg4 Rf8 34.
Red2 Rf7 35. Bf3 Rc7 36. Rxd6 Bxd6 37. Rxd6 Rc1+ 38. Kh2 Kc7 39. Rf6 Rc2 40. h4
Rxb2 41. h5 Bc2 42. Rxf4 Rb4 43. Rf6 Kd7 44. g4 Ke7 45. Rh6 Kf8 46. Kg3 Kg7 47.
Rc6 Bxa4 48. h6+ Kf7 49. Bd5+ Ke7 50. Rc7+ Kf6 51. f4 Bb3 52. g5+ Kg6 53. Rg7+
Kf5 54. Rf7+ 1-0

[Event "Mondiale Lampo FIDE 2022"]
[Site "Alma Ata"]
[Date "30.12.2022"]
[Round "19.26"]
[White "Maghsoodloo, Parham"]
[Black "Predke, Alexandr"]
[Result "1-0"]
[WhiteTitle ""]
[BlackTitle ""]
[WhiteElo "2719"]
[BlackElo "2684"]
[WhiteFideId "12539929"]
[BlackFideId "24107581"]
[EventDate "29.12.2022"]

1. d4 d5 2. c4 e6 3. Nc3 Nf6 4. cxd5 exd5 5. Bg5 Bb4 6. Qa4+ Nc6 7. e3 h6 8.
Bxf6 Qxf6 9. Ne2 O-O 10. a3 Bxc3+ 11. Nxc3 Ne7 12. Be2 c6 13. O-O Bf5 14. b4 a6
15. Qb3 Nc8 16. a4 Nd6 17. b5 a5 18. Rac1 Rfc8 19. h3 Qg6 20. Kh2 h5 21. Rfd1 h4
22. Bf3 Be6 23. bxc6 bxc6 24. Ne2 Qf6 25. Nf4 Bf5 26. Rc5 Rab8 27. Qc3 Nc4 28.
Kg1 Qd8 29. Be2 Nb2 30. Ra1 Rb4 31. Rxc6 Nxa4 32. Rxc8 Bxc8 33. Qc6 Nb6 34. Rxa5
Bd7 35. Qc5 Rb1+ 36. Kh2 Qb8 37. Qc2 Rb4 38. Kg1 g5 39. Nd3 Bf5 40. Ra1 Nc4 41.
Qc1 Bxd3 42. Bxd3 Nd6 43. Qc5 Ne4 44. Qxd5 Nd2 45. Qxg5+ Kf8 46. Qxh4 Qd6 47.
Ra8+ 1-0

[Event "Mondiale Lampo FIDE 2022"]
[Site "Alma Ata"]
[Date "30.12.2022"]
[Round "19.27"]
[White "Zhigalko, Sergei"]
[Black "Shankland, Sam"]
[Result "1-0"]
[WhiteTitle ""]
[BlackTitle ""]
[WhiteElo "2572"]
[BlackElo "2710"]
[WhiteFideId "13502956"]
[BlackFideId "2004887"]
[EventDate "29.12.2022"]

1. e4 e6 2. d4 d5 3. e5 c5 4. c3 Nc6 5. Nf3 Bd7 6. Be2 Qb6 7. O-O cxd4 8. cxd4
Nge7 9. Na3 Nf5 10. Nc2 Rc8 11. Bd3 Nb4 12. Nxb4 Bxb4 13. Bxf5 exf5 14. Bd2 O-O
15. a3 Be7 16. Bc3 Be6 17. Qd2 h6 18. Ne1 Rc4 19. Nd3 Rfc8 20. Kh1 Qb3 21. f4 a5
22. Rf3 b6 23. h3 h5 24. Nc1 Qb5 25. Ne2 Qc6 26. b3 Rxc3 27. Rxc3 Qb5 28. a4 Qa6
29. Rxc8+ Bxc8 30. Rc1 Bb4 31. Qe3 Be6 32. Nc3 Ba3 33. Rc2 Qf1+ 34. Kh2 Bb4 35.
Nb5 Qb1 36. Re2 h4 37. Qf2 Be7 38. Re3 Kh7 39. Rc3 g5 40. fxg5 Bxg5 41. Rf3 Qe4
42. Nd6 Qb1 43. Nxf5 Bxf5 44. Rxf5 Be3 45. Qxh4+ Kg8 46. Qg3+ Kf8 47. Rxf7+ Kxf7
48. Qxe3 1-0

[Event "Mondiale Lampo FIDE 2022"]
[Site "Alma Ata"]
[Date "30.12.2022"]
[Round "19.28"]
[White "Sanal, Vahap"]
[Black "Bluebaum, Matthias"]
[Result "1/2-1/2"]
[WhiteTitle ""]
[BlackTitle ""]
[WhiteElo "2597"]
[BlackElo "2657"]
[WhiteFideId "6300545"]
[BlackFideId "24651516"]
[EventDate "29.12.2022"]

1. e4 e6 2. d4 d5 3. Nc3 Nf6 4. Bg5 dxe4 5. Nxe4 Be7 6. Bxf6 gxf6 7. Nf3 f5 8.
Nc3 a6 9. g3 b5 10. Bg2 Bb7 11. Qe2 c5 12. O-O-O b4 13. Na4 Qa5 14. Nxc5 Bd5 15.
Nh4 Bxg2 16. Nxg2 Bxc5 17. Qe5 O-O 18. dxc5 Nc6 19. Qf6 Qxa2 20. b3 Qa5 21. Qg5+
Kh8 22. Qf6+ Kg8 23. Qg5+ Kh8 24. Qf6+ Kg8 25. Nf4 Qxc5 26. Qg5+ Kh8 27. Qf6+
Kg8 28. Qg5+ Kh8 29. Qf6+ Kg8 30. Rhe1 Qc3 31. Qxc3 bxc3 32. Re3 Nb4 33. Ne2
Rfc8 34. Nxc3 Rc5 35. Rd4 a5 36. Kb2 Rac8 37. Rd7 h5 38. f4 Kf8 39. Ra7 R8c6 40.
Rb7 Kg7 41. Rd7 Kf6 42. h4 Rc8 43. Ra7 Kg6 44. Rd7 R8c6 45. Rd2 Rc7 46. Rd8 Kg7
47. Rd2 Rc8 48. Rde2 R5c7 49. Rd2 Rc6 50. Rd7 Rc5 51. Rd6 Kg6 52. Rd2 R5c6 53.
Rd4 Rb8 54. Rd2 Rbc8 55. Rd7 Rb8 56. Rd2 Rbc8 57. Rde2 Kf6 58. Rd2 Kg6 59. Rd7
Rc5 60. Rd6 R8c7 61. Rd2 Rc8 62. Rd7 Kf6 63. Ra7 R8c6 64. Rd7 Rc8 65. Ra7 R8c6
66. Rd7 Rc8 67. Ra7 R8c6 1/2-1/2

[Event "Mondiale Lampo FIDE 2022"]
[Site "Alma Ata"]
[Date "30.12.2022"]
[Round "19.29"]
[White "Petrosian, Tigran L."]
[Black "Chigaev, Maksim"]
[Result "1-0"]
[WhiteTitle ""]
[BlackTitle ""]
[WhiteElo "2551"]
[BlackElo "2632"]
[WhiteFideId "13301616"]
[BlackFideId "4108116"]
[EventDate "29.12.2022"]

1. Nf3 Nf6 2. g3 g6 3. Bg2 Bg7 4. d3 O-O 5. e4 c5 6. O-O Nc6 7. h3 d6 8. a4 a6
9. Re1 Rb8 10. Nc3 b5 11. axb5 axb5 12. e5 dxe5 13. Nxe5 Nxe5 14. Rxe5 Nd7 15.
Re1 b4 16. Nd5 e6 17. Ne3 Bb7 18. Bxb7 Rxb7 19. Qf3 Rb8 20. Nc4 Ra8 21. Be3 h6
22. Qc6 Qc8 23. Qb5 Rb8 24. Qa4 g5 25. Qa6 Qc7 26. Ra5 Kh8 27. b3 Ra8 28. Qxa8
Rxa8 29. Rxa8+ Kh7 30. Ra6 Qb7 31. Ra5 Qc7 32. Ra6 Qb7 33. Ra5 Qc7 34. Ra4 Qb7
35. Ra5 f5 36. Bd2 e5 37. Rea1 e4 38. Ra7 Qd5 39. R1a6 exd3 40. Rd6 Qxc4 41.
bxc4 dxc2 42. Rdxd7 b3 43. Rxg7+ 1-0

[Event "Mondiale Lampo FIDE 2022"]
[Site "Alma Ata"]
[Date "30.12.2022"]
[Round "19.30"]
[White "Alonso Rosell, Alvar"]
[Black "Cheparinov, Ivan"]
[Result "0-1"]
[WhiteTitle ""]
[BlackTitle ""]
[WhiteElo "2561"]
[BlackElo "2688"]
[WhiteFideId "2270544"]
[BlackFideId "2905540"]
[EventDate "29.12.2022"]

1. d4 d5 2. c4 e6 3. Nf3 Nf6 4. g3 Be7 5. Bg2 O-O 6. O-O a5 7. Nc3 c6 8. b3 b6
9. Re1 Ba6 10. e4 Bb4 11. Bd2 Bxc3 12. Bxc3 Nxe4 13. Bb2 Nd7 14. Rc1 Bb7 15. Ne5
Nef6 16. Ba3 Re8 17. cxd5 Nxe5 18. dxe5 Nxd5 19. Bd6 c5 20. Rc4 Qd7 21. Be4 h6
22. Bb1 Qc6 23. f3 Rad8 24. Qd3 f5 25. Qd2 Ne7 26. Re3 Nc8 27. Qe2 Ba6 28. g4
Bxc4 29. Qxc4 Nxd6 30. exd6 Qxd6 31. Bxf5 Qd4 32. Qxd4 cxd4 33. Bxe6+ Kf8 34.
Re4 d3 35. Rf4+ Ke7 36. Bc4 d2 37. Re4+ Kd6 38. Be2 Rxe4 39. fxe4 Rc8 0-1

[Event "Mondiale Lampo FIDE 2022"]
[Site "Alma Ata"]
[Date "30.12.2022"]
[Round "19.32"]
[White "Nguyen, Thai Dai Van"]
[Black "Van Foreest, Jorden"]
[Result "1-0"]
[WhiteTitle ""]
[BlackTitle ""]
[WhiteElo "2656"]
[BlackElo "2690"]
[WhiteFideId "358878"]
[BlackFideId "1039784"]
[EventDate "29.12.2022"]

1. d4 g6 2. e4 c6 3. Nf3 d5 4. e5 Bg4 5. Nbd2 Bh6 6. h3 Bxf3 7. Nxf3 Bxc1 8.
Rxc1 e6 9. Qd2 h6 10. Bd3 Ne7 11. O-O Nd7 12. b3 c5 13. c4 cxd4 14. cxd5 Nxd5
15. Nxd4 O-O 16. Bxg6 Nxe5 17. Be4 Nf6 18. Rfe1 Kg7 19. Bxb7 Rb8 20. Rxe5 Rxb7
21. Rxe6 Rd7 22. Nf5+ Kg8 23. Rd6 Rxd6 24. Nxd6 Ne8 25. Rd1 Nxd6 26. Qxd6 Qg5
27. Rd3 Qc1+ 28. Kh2 Rc8 29. Rg3+ Kh7 30. Qd3+ Kh8 31. Qd4+ 1-0

[Event "Mondiale Lampo FIDE 2022"]
[Site "Alma Ata"]
[Date "30.12.2022"]
[Round "19.34"]
[White "Sychev, Klementy"]
[Black "Sadhwani, Raunak"]
[Result "1-0"]
[WhiteTitle ""]
[BlackTitle ""]
[WhiteElo "2556"]
[BlackElo "2627"]
[WhiteFideId "4114060"]
[BlackFideId "35093487"]
[EventDate "29.12.2022"]

1. e4 e5 2. Nf3 Nc6 3. d4 exd4 4. Nxd4 Nf6 5. Nxc6 bxc6 6. e5 Qe7 7. Qe2 Nd5 8.
g3 g6 9. Bg2 Bg7 10. c4 Ba6 11. O-O O-O 12. Qc2 Nb6 13. Re1 Bxc4 14. b3 Bd5 15.
Ba3 d6 16. Nc3 Bxg2 17. Kxg2 Qd7 18. exd6 cxd6 19. Rad1 c5 20. Ne4 Rfe8 21. Rxd6
Qb7 22. f3 Rac8 23. Bb2 f5 24. Rxb6 Qxb6 25. Qc4+ Kh8 26. Qf7 Rg8 27. Ng5 Qa5
28. Bxg7+ Rxg7 29. Re8+ Rxe8 30. Qxe8+ Rg8 31. Qe5+ Rg7 32. Nf7+ Kg8 33. Nh6+
Kf8 34. Qf6+ Ke8 35. Qxg7 Qd2+ 36. Kh3 Qe2 37. Qh8+ Ke7 38. Qxh7+ Kf6 39. Ng8+ 1-0

[Event "Mondiale Lampo FIDE 2022"]
[Site "Alma Ata"]
[Date "30.12.2022"]
[Round "19.35"]
[White "Aravindh, Chithambaram VR."]
[Black "Sindarov, Javokhir"]
[Result "1-0"]
[WhiteTitle ""]
[BlackTitle ""]
[WhiteElo "2607"]
[BlackElo "2654"]
[WhiteFideId "5072786"]
[BlackFideId "14205483"]
[EventDate "29.12.2022"]

1. g3 g6 2. Bg2 Bg7 3. e4 c5 4. f4 Nc6 5. Nc3 d6 6. d3 Nf6 7. Nf3 O-O 8. O-O Rb8
9. h3 b5 10. g4 b4 11. Ne2 Ba6 12. Ng3 c4 13. d4 c3 14. Rf2 d5 15. Ne5 Nxe5 16.
fxe5 Nxe4 17. Nxe4 dxe4 18. bxc3 bxc3 19. Be3 Bb7 20. Qc1 Bd5 21. Qa3 Qc7 22.
Raf1 Rb2 23. Bg5 Re8 24. Qa4 Qc6 25. Qxc6 Bxc6 26. Rxf7 Rxc2 27. Rxe7 Rxe7 28.
Bxe7 Rd2 29. Bb4 Rxd4 30. Bxc3 Rd3 31. Ba1 Rd2 32. Rc1 Rxa2 33. Bd4 Rd2 34. Be3
Rd3 35. Bxa7 Bd5 36. Bf1 Rg3+ 37. Kf2 Rf3+ 38. Kg1 Bxe5 39. Rd1 Rg3+ 40. Bg2 Bc6
41. Rc1 Bd5 42. Rd1 Bb7 43. Rd8+ Kf7 44. Rd7+ Ke6 45. Rxb7 h5 46. Bf2 Ra3 47.
Bxe4 Rxh3 48. Rb6+ Bd6 49. g5 Rh4 50. Bxh4 1-0

[Event "Mondiale Lampo FIDE 2022"]
[Site "Alma Ata"]
[Date "30.12.2022"]
[Round "19.36"]
[White "Niemann, Hans Moke"]
[Black "Najer, Evgeniy"]
[Result "1-0"]
[WhiteTitle ""]
[BlackTitle ""]
[WhiteElo "2698"]
[BlackElo "2662"]
[WhiteFideId "2093596"]
[BlackFideId "4118987"]
[EventDate "29.12.2022"]

1. d4 d5 2. Nf3 Nf6 3. g3 Bf5 4. Bg2 c6 5. O-O Nbd7 6. Nh4 Be4 7. f3 Bg6 8. Nxg6
hxg6 9. e4 dxe4 10. fxe4 e5 11. c3 Qb6 12. Qb3 exd4 13. Qxb6 axb6 14. cxd4 Ra4
15. Rd1 Rxd4 16. Rxd4 Bc5 17. Be3 Ng4 18. b4 Nxe3 19. bxc5 Nc2 20. Rd1 Nxa1 21.
Na3 Rh5 22. Rxa1 Rxc5 23. Rb1 b5 24. Rb2 Rc1+ 25. Kf2 Ne5 26. Ke2 Ke7 27. Bf1 g5
28. h3 g6 29. Kf2 g4 30. h4 Rd1 31. Be2 Rh1 32. Kg2 Rc1 33. Nc2 Kd6 34. Ne3 Re1
35. Kf2 Rh1 36. Nf1 Kc5 37. Kg2 Rh3 38. Bxg4 1-0